000 01012nam0a22002411 4500
001 rc\355600
005 20030307122853.6
035 _a(NLR Aleph) 005575736
090 _a6059148
_c6059148
100 _a20030307d1989 u |0rusy50 ca
101 0 _arus
102 _aRU
105 _ay |||||||||
200 1 _aОБУЧЕНИЕ и педагогическая деятельность
_eМетод. рекомендации по изучаемой теме
_fГос. агропром. ком. РСФСР. Всерос. высш. шк. упр. агропром. комплексом
_g[Подгот. Анисимов О.С., к. психол. н.]
210 _aМ.
_cБ. и.
_d1989
215 _a56 с.
_d20
702 1 _aАнисимов
_bО. С.
_gОлег Сергеевич
_4570
712 0 2 _aВсероссийская школа упр. агропромышленным комплексом
801 0 _aRU
_bNLR
_gpsbo
801 1 _aRU
_bELAR
_2rusmarc
852 _aNLR
_j89-4/13715
942 _cBOOK
980 _aNB